000 00361nam a2200133Ia 4500
008 191130s9999##################000#0#eng##
020 _a978-0333582527
040 _aACL
_cACL
082 _a330.156 KEY
245 _aKeynes & the role of the state
_cedited by Derek Crabtree
990 _afc551849ac10000c233231ced0696de6
991 _a41851
999 _c225997
_d225997